000 00682nam a2200217Ia 4500
005 20250508165932.0
008 008 250505s9999 xx 000 0 eng d
020 _a978-0-19-807203-4
037 _aTextual
040 _aFEDL
_beng
_cFEDL
041 _aeng
_2eng
084 _a305.5, DES
_qFEDL
100 _aDeshpande Ashwini
245 0 _aGrammar of caste: Economic discrimination in contemporary India
260 _aNew Delhi, India
_bOxford University Press
_c2011
300 _axxi, 295p.
365 _aINR
_b7
546 _aGifted by H.O.D. Namita Ranganathan in memory of Prof. Arvind Gaysu
942 _cTEXL
_h305.5, DES
999 _c1398284
_d1398284